| 000 | 00459nam a2200181Ia 4500 | ||
|---|---|---|---|
| 001 | 12859 | ||
| 005 | 20260306163011.0 | ||
| 008 | 260306t1999||||xx |||||||||||||| ||spa|| | ||
| 041 | _aESP | ||
| 082 |
_aRD 370.94 _bE387 |
||
| 100 |
_aEurydice _eAUT |
||
| 245 | 0 |
_aGlosario Europeo sobre educación: _bexamenes, certificados y titulos |
|
| 260 | _c1999 | ||
| 300 |
_a223 páginas : _c24 cm. |
||
| 650 | _aGEN | ||
| 654 | _aCED | ||
| 942 |
_cLIB _dJUS _fJUS _2ddc _n |
||
| 999 |
_c12859 _d12859 |
||